<?xml version="1.0" encoding="UTF-8"?>
<record
    xmlns:xsi="http://www.w3.org/2001/XMLSchema-instance"
    xsi:schemaLocation="http://www.loc.gov/MARC21/slim http://www.loc.gov/standards/marcxml/schema/MARC21slim.xsd"
    xmlns="http://www.loc.gov/MARC21/slim">

  <leader>00762nam a2200205   4500</leader>
  <controlfield tag="005">20240130122103.0</controlfield>
  <datafield tag="010" ind1=" " ind2=" ">
    <subfield code="a">ENG-139081</subfield>
  </datafield>
  <datafield tag="020" ind1=" " ind2=" ">
    <subfield code="c">775.00</subfield>
    <subfield code="a">9789357055932</subfield>
  </datafield>
  <datafield tag="035" ind1=" " ind2=" ">
    <subfield code="a">EN-122613</subfield>
  </datafield>
  <datafield tag="037" ind1=" " ind2=" ">
    <subfield code="b">DBAD/PUB</subfield>
  </datafield>
  <datafield tag="082" ind1=" " ind2=" ">
    <subfield code="a">500</subfield>
    <subfield code="2">2024</subfield>
  </datafield>
  <datafield tag="100" ind1=" " ind2=" ">
    <subfield code="a">Bisht, Sanjay</subfield>
    <subfield code="9">61429</subfield>
  </datafield>
  <datafield tag="245" ind1=" " ind2=" ">
    <subfield code="a">16 Years Solved Paper (2008 to 2023) Chapterwise NEET/</subfield>
    <subfield code="c">By Bisht, Sanjay</subfield>
  </datafield>
  <datafield tag="260" ind1=" " ind2=" ">
    <subfield code="a">Uttar Pradesh,India</subfield>
    <subfield code="b"> Pearson</subfield>
    <subfield code="c">2024</subfield>
  </datafield>
  <datafield tag="270" ind1=" " ind2=" ">
    <subfield code="a">1st Floor,Berger Tower, Plot No. C-001A/2, Sector 16B, Noida-201301, Uttar Pradesh, India</subfield>
    <subfield code="b">Uttar Pradesh</subfield>
    <subfield code="e">201301</subfield>
    <subfield code="m">companysecretary.india@pearson.com</subfield>
  </datafield>
  <datafield tag="300" ind1=" " ind2=" ">
    <subfield code="a">various pages </subfield>
    <subfield code="c">26cm(pbk)</subfield>
  </datafield>
  <datafield tag="700" ind1=" " ind2=" ">
    <subfield code="a">Singhal, A.K</subfield>
    <subfield code="e">Author</subfield>
    <subfield code="9">61430</subfield>
  </datafield>
  <datafield tag="700" ind1=" " ind2=" ">
    <subfield code="a">Vijay, Rajiv</subfield>
    <subfield code="e">Author</subfield>
    <subfield code="9">61431</subfield>
  </datafield>
  <datafield tag="942" ind1=" " ind2=" ">
    <subfield code="2">ddc</subfield>
    <subfield code="c">EN</subfield>
    <subfield code="h">500</subfield>
    <subfield code="m">Bis</subfield>
    <subfield code="e">2024</subfield>
  </datafield>
  <datafield tag="999" ind1=" " ind2=" ">
    <subfield code="c">200445</subfield>
    <subfield code="d">200445</subfield>
  </datafield>
  <datafield tag="952" ind1=" " ind2=" ">
    <subfield code="0">0</subfield>
    <subfield code="1">0</subfield>
    <subfield code="4">0</subfield>
    <subfield code="7">0</subfield>
    <subfield code="8">NFIC</subfield>
    <subfield code="a">ZLS</subfield>
    <subfield code="b">ZLS</subfield>
    <subfield code="d">2024-01-30</subfield>
    <subfield code="e">DBAD/PUB</subfield>
    <subfield code="g">775.00</subfield>
    <subfield code="l">4</subfield>
    <subfield code="m">4</subfield>
    <subfield code="o">500 BIS</subfield>
    <subfield code="p">EN-122613</subfield>
    <subfield code="r">2026-06-22 16:55:52</subfield>
    <subfield code="s">2025-06-06</subfield>
    <subfield code="v">775.00</subfield>
    <subfield code="w">2024-01-30</subfield>
    <subfield code="y">EN</subfield>
  </datafield>
</record>
